[Event "POL-chT1"]
[Site "Chotowa"]
[Date "2007.09.06"]
[Round "4"]
[White "Smagacz, Dariusz"]
[Black "Panas, Pawel"]
[Result "0-1"]
[WhiteElo "2257"]
[BlackElo "2226"]
[PlyCount "59"]
[EventDate "2007.09.03"]
[EventType "team"]
[EventRounds "9"]
[EventCountry "POL"]
[SourceTitle "EXT 2009"]
[Source "ChessBase"]
[SourceDate "2008.11.26"]
[SourceVersion "1"]
[SourceVersionDate "2008.11.26"]
[SourceQuality "1"]

1. e4 c5 2. Nf3 e6 3. d4 cxd4 4. Nxd4 Nc6 5. Nxc6 bxc6 6. Nc3 d5 7. Bd3 Nf6 8. 0-0 Be7 9. Re1 0-0 10. e5 Nd7 11. Bf4 f5 12. exf6 Nxf6 13. Be5 Qb6 14. Na4 Qa5 15. b3 Bd7 16. c4 Rf7 17. Qc2 Kh8 18. h3 Raf8 19. Re2 Bc8 20. Rf1 Bd7 21. Qc3 Qxc3 22. Nxc3 Bc8 23. Rd1 Kg8 24. Na4 Nd7 25. Bd4 c5 26. Bb2 Nb6 27. Nc3 a6 28. Ba3 Rd8 29. cxd5 Nxd5 30. Ne4 0-1

[Event "POL-chT1"]
[Site "Chotowa"]
[Date "2007.09.04"]
[Round "2"]
[White "Smagacz, Dariusz"]
[Black "Szymczak, Zbigniew"]
[Result "0-1"]
[WhiteElo "2257"]
[BlackElo "2305"]
[PlyCount "130"]
[EventDate "2007.09.03"]
[EventType "team"]
[EventRounds "9"]
[EventCountry "POL"]
[SourceTitle "EXT 2009"]
[Source "ChessBase"]
[SourceDate "2008.11.26"]
[SourceVersion "1"]
[SourceVersionDate "2008.11.26"]
[SourceQuality "1"]

1. e4 c5 2. Nf3 d6 3. d4 Nf6 4. Nc3 cxd4 5. Nxd4 Nc6 6. Be2 e5 7. Nb3 a5 8. a4 Be7 9. 0-0 0-0 10. f4 Nb4 11. Be3 Be6 12. Kh1 Qc7 13. g4 exf4 14. Bxf4 Nd7 15. Nd4 Ne5 16. Ncb5 Qc8 17. Nxe6 Qxe6 18. Nd4 Qd7 19. Nf5 Qc7 20. c3 Na6 21. Qd5 Nc5 22. Rfd1 Rfd8 23. Rd2 Ne6 24. Be3 Bf8 25. Rad1 g6 26. Nd4 Nxd4 27. cxd4 Nc6 28. Bg5 Re8 29. Rf1 Nb4 30. Qc4 Qd7 31. e5 d5 32. Qb3 Rec8 33. h3 Be7 34. Bb5 Qd8 35. Bh6 Bg5 36. Bxg5 Qxg5 37. Rdf2 Rc7 38. Qf3 Rac8 39. Kh2 Nc2 40. Qd3 Ne3 41. Re1 Rc2 42. Ree2 Rxe2 43. Qxe2 Rc2 44. Qf3 Rxf2+ 45. Qxf2 Nd1 46. Qf6 Qxf6 47. exf6 Nxb2 48. Kg3 g5 49. Kf3 Nd1 50. Bd7 Nc3 51. Bc8 b6 52. Bd7 Ne4 53. Bc6 Nxf6 54. Ke3 Kf8 55. Kf3 Ke7 56. Ke3 Kd6 57. Bb5 Nd7 58. Kf3 Nf8 59. Ke3 Ne6 60. Bd3 h6 61. Bb5 Nc7 62. Bd3 Kc6 63. Bc2 b5 64. Bb3 bxa4 65. Bxa4+ Kd6 0-1

[Event "POL-chT 2nd League"]
[Site "Wysowa"]
[Date "2003.09.14"]
[Round "11"]
[White "Stolarczyk, Adam"]
[Black "Smagacz, Dariusz"]
[Result "1/2-1/2"]
[WhiteElo "2107"]
[BlackElo "2222"]
[PlyCount "64"]
[EventDate "2003.09.06"]
[EventType "team-swiss"]
[EventRounds "11"]
[EventCountry "POL"]
[SourceTitle "CBM 096 Extra"]
[Source "ChessBase"]
[SourceDate "2003.10.22"]
[SourceVersion "2"]
[SourceVersionDate "2003.10.20"]
[SourceQuality "1"]
[WhiteTeam "Swiecie Gambit"]
[BlackTeam "Gliwice Politechnika Slaska"]
[WhiteTeamCountry "POL"]
[BlackTeamCountry "POL"]

1. e4 c5 2. c3 d5 3. exd5 Qxd5 4. d4 Nf6 5. Nf3 g6 6. Be2 Bg7 7. dxc5 Qxc5 8. Be3 Qc7 9. Na3 a6 10. Nc4 Nbd7 11. Bd4 0-0 12. 0-0 b5 13. Nce5 Nc5 14. Nd3 Nxd3 15. Qxd3 Bb7 16. Be5 Qc5 17. Qd4 Qxd4 18. Nxd4 Nd5 19. Bxg7 Kxg7 20. Bf3 Rfb8 21. Rfe1 e6 22. Rad1 Nb6 23. Bxb7 Rxb7 24. Nf3 Nd5 25. g3 Rc8 26. Rd4 a5 27. Red1 Rbc7 28. Nd2 Nb6 29. Ne4 Nd5 30. h4 Rb8 31. Kg2 h6 32. Kg1 Rc6 1/2-1/2

[Event "POL-chT 2nd League"]
[Site "Wysowa"]
[Date "2003.09.10"]
[Round "6"]
[White "Smagacz, Dariusz"]
[Black "Kulesza, Mateusz"]
[Result "1-0"]
[WhiteElo "2222"]
[BlackElo "2217"]
[PlyCount "50"]
[EventDate "2003.09.06"]
[EventType "team-swiss"]
[EventRounds "11"]
[EventCountry "POL"]
[SourceTitle "CBM 096 Extra"]
[Source "ChessBase"]
[SourceDate "2003.10.22"]
[SourceVersion "2"]
[SourceVersionDate "2003.10.20"]
[SourceQuality "1"]
[WhiteTeam "Gliwice Politechnika Slaska"]
[BlackTeam "Rybnik MKSz"]
[WhiteTeamCountry "POL"]
[BlackTeamCountry "POL"]

1. e4 e6 2. d4 d5 3. exd5 exd5 4. Nf3 Bd6 5. Bd3 Nc6 6. 0-0 Nge7 7. Bg5 f6 8. Bh4 Bg4 9. c3 Qd7 10. Bg3 Bxg3 11. fxg3 0-0-0 12. Nbd2 Rde8 13. b4 Nf5 14. Qb1 h5 15. Nb3 b6 16. a4 h4 17. gxh4 Nxh4 18. Nxh4 Rxh4 19. h3 Kb8 20. hxg4 Qd6 21. Rf3 Rxg4 22. Kf2 Nd8 23. a5 Nf7 24. axb6 Ng5 25. Nc5 Ka8 1-0

[Event "POL-chT 2nd League"]
[Site "Wysowa"]
[Date "2003.09.09"]
[Round "5"]
[White "Lisowski, Krzysztof"]
[Black "Smagacz, Dariusz"]
[Result "1-0"]
[WhiteElo "2244"]
[BlackElo "2222"]
[PlyCount "23"]
[EventDate "2003.09.06"]
[EventType "team-swiss"]
[EventRounds "11"]
[EventCountry "POL"]
[SourceTitle "CBM 096 Extra"]
[Source "ChessBase"]
[SourceDate "2003.10.22"]
[SourceVersion "2"]
[SourceVersionDate "2003.10.20"]
[SourceQuality "1"]
[WhiteTeam "Ostroda Kormoran"]
[BlackTeam "Gliwice Politechnika Slaska"]
[WhiteTeamCountry "POL"]
[BlackTeamCountry "POL"]

1. e4 c5 2. Nf3 a6 3. c3 d5 4. exd5 Qxd5 5. d4 Nf6 6. Be3 Ng4 7. Nbd2 Nxe3 8. fxe3 Bg4 9. Bc4 Bxf3 10. Qb3 Qh5 11. Nxf3 Nd7 12. Qxb7 1-0

[Event "POL-chT 58th 2nd League"]
[Site "Wisla"]
[Date "2002.??.??"]
[Round "?"]
[White "Olenderek, Tomasz"]
[Black "Smagacz, Dariusz"]
[Result "1/2-1/2"]
[WhiteElo "2226"]
[BlackElo "2222"]
[PlyCount "40"]
[EventDate "2002.08.30"]
[EventType "team-swiss"]
[EventRounds "11"]
[EventCountry "POL"]
[SourceTitle "EXT 2019"]
[Source "ChessBase"]
[SourceDate "2018.10.10"]
[SourceVersion "1"]
[SourceVersionDate "2018.10.10"]
[SourceQuality "1"]

1. d4 d5 2. Nf3 e6 3. e3 Nf6 4. Nbd2 c5 5. c3 Nc6 6. Bd3 Bd6 7. 0-0 0-0 8. dxc5 Bxc5 9. e4 e5 10. exd5 Qxd5 11. Qe2 Bg4 12. Ne4 Nxe4 13. Bxe4 Qe6 14. Qb5 Bxf3 15. Bxf3 Bb6 16. Re1 Rad8 17. Be3 f5 18. Bxb6 axb6 19. Bxc6 bxc6 20. Rxe5 Qxa2 1/2-1/2

[Event "POL-chT 58th 2nd League"]
[Site "Wisla"]
[Date "2002.??.??"]
[Round "?"]
[White "Smagacz, Dariusz"]
[Black "Checiak, Krzysztof"]
[Result "1-0"]
[WhiteElo "2222"]
[BlackElo "2098"]
[PlyCount "40"]
[EventDate "2002.08.30"]
[EventType "team-swiss"]
[EventRounds "11"]
[EventCountry "POL"]
[SourceTitle "EXT 2019"]
[Source "ChessBase"]
[SourceDate "2018.10.10"]
[SourceVersion "1"]
[SourceVersionDate "2018.10.10"]
[SourceQuality "1"]

1. e4 d6 2. d4 Nf6 3. Nc3 g6 4. g3 Bg7 5. Bg2 0-0 6. Nge2 Na6 7. 0-0 c5 8. e5 Ng4 9. exd6 exd6 10. h3 Nf6 11. Bg5 h6 12. Be3 Qe7 13. Qd2 Kh7 14. Nf4 Bf5 15. Rfe1 Nb4 16. Rac1 Rfe8 17. a3 Nc6 18. Ncd5 Qf8 19. Nxf6+ Bxf6 20. c3 Na5 1-0

[Event "POL-chT 58th 2nd League"]
[Site "Wisla"]
[Date "2002.??.??"]
[Round "?"]
[White "Smagacz, Dariusz"]
[Black "Lisowski, Krzysztof"]
[Result "0-1"]
[WhiteElo "2222"]
[BlackElo "2214"]
[PlyCount "30"]
[EventDate "2002.08.30"]
[EventType "team-swiss"]
[EventRounds "11"]
[EventCountry "POL"]
[SourceTitle "EXT 2019"]
[Source "ChessBase"]
[SourceDate "2018.10.10"]
[SourceVersion "1"]
[SourceVersionDate "2018.10.10"]
[SourceQuality "1"]

1. e4 c5 2. Nf3 Nc6 3. d4 cxd4 4. Nxd4 Nf6 5. Nc3 e5 6. Ndb5 d6 7. Bg5 a6 8. Na3 b5 9. Nd5 Be7 10. Bxf6 Bxf6 11. c3 Ne7 12. c4 Nxd5 13. Qxd5 Be6 14. Qc6+ Ke7 15. 0-0-0 Qb8 0-1

[Event "POL-chT 58th 2nd League"]
[Site "Wisla"]
[Date "2002.??.??"]
[Round "?"]
[White "Smagacz, Dariusz"]
[Black "Zolnierowicz, Krzysztof"]
[Result "0-1"]
[WhiteElo "2222"]
[BlackElo "2273"]
[PlyCount "40"]
[EventDate "2002.08.30"]
[EventType "team-swiss"]
[EventRounds "11"]
[EventCountry "POL"]
[SourceTitle "EXT 2019"]
[Source "ChessBase"]
[SourceDate "2018.10.10"]
[SourceVersion "1"]
[SourceVersionDate "2018.10.10"]
[SourceQuality "1"]
[BlackTeam "Torun Torfarm 64"]
[BlackTeamCountry "POL"]

1. e4 d5 2. exd5 Nf6 3. d4 Nxd5 4. Nf3 g6 5. Be2 Bg7 6. 0-0 0-0 7. c4 Nb6 8. Nc3 Be6 9. d5 Bg4 10. Qb3 c5 11. Be3 N8d7 12. h3 Bxf3 13. Bxf3 Nc8 14. Rfe1 Nd6 15. Bf4 Nb6 16. Ne4 Nbxc4 17. Nxc5 b6 18. Nb7 Nxb7 19. Qxc4 Bxb2 20. d6 Nxd6 0-1

[Event "POL-chT 2nd div South"]
[Site "Polanica Zdroj"]
[Date "1999.??.??"]
[Round "10"]
[White "Kasperek, Ryszard"]
[Black "Smagacz, Dariusz"]
[Result "1-0"]
[WhiteElo "2311"]
[BlackElo "2246"]
[PlyCount "59"]
[EventDate "1999.09.17"]
[EventType "team-swiss"]
[EventRounds "10"]
[EventCountry "POL"]
[SourceTitle "EXT 2001"]
[Source "ChessBase"]
[SourceDate "2000.11.22"]
[SourceVersion "1"]
[SourceVersionDate "2000.11.22"]
[SourceQuality "1"]
[WhiteTeam "Rolnik Roza"]
[BlackTeam "POL-chT 2nd div South 23"]
[WhiteTeamCountry "POL"]
[BlackTeamCountry "POL"]

1. e4 c5 2. Nf3 d6 3. d4 cxd4 4. Nxd4 Nf6 5. Nc3 a6 6. Be2 Nc6 7. 0-0 e6 8. Be3 Be7 9. f4 Qc7 10. Kh1 0-0 11. a4 Rd8 12. Bd3 Nxd4 13. Bxd4 e5 14. Be3 Be6 15. a5 Qc6 16. Bb6 Rd7 17. Qe2 Rc8 18. f5 Bc4 19. Ra4 Bxd3 20. cxd3 d5 21. exd5 Qd6 22. d4 exd4 23. Rxd4 Bd8 24. Ne4 Nxe4 25. Rxe4 Be7 26. Rd1 h6 27. b4 Qf6 28. h3 Kh7 29. Bd4 Qg5 30. Rg4 1-0

[Event "POL-chT 2nd div South"]
[Site "Polanica Zdroj"]
[Date "1999.??.??"]
[Round "1"]
[White "Kawula, Andrzej"]
[Black "Smagacz, Dariusz"]
[Result "0-1"]
[WhiteElo "2070"]
[BlackElo "2246"]
[PlyCount "40"]
[EventDate "1999.09.17"]
[EventType "team-swiss"]
[EventRounds "10"]
[EventCountry "POL"]
[SourceTitle "EXT 2001"]
[Source "ChessBase"]
[SourceDate "2000.11.22"]
[SourceVersion "1"]
[SourceVersionDate "2000.11.22"]
[SourceQuality "1"]
[WhiteTeam "POL-chT 2nd div South 16"]
[BlackTeam "POL-chT 2nd div South 23"]
[WhiteTeamCountry "POL"]
[BlackTeamCountry "POL"]

1. c4 Nf6 2. Nc3 g6 3. g3 Bg7 4. Bg2 0-0 5. e4 d6 6. f4 e5 7. Nf3 exf4 8. gxf4 Nh5 9. d4 Bh6 10. f5 Bg7 11. fxg6 fxg6 12. Bg5 Qe8 13. Qd2 Bg4 14. 0-0 Nc6 15. Be3 Qd7 16. Nd5 Rae8 17. Ng5 h6 18. h3 hxg5 19. hxg4 Qxg4 20. e5 dxe5 0-1

[Event "POL-chT 2nd div South"]
[Site "Polanica Zdroj"]
[Date "1999.??.??"]
[Round "6"]
[White "Meinert, Tomasz"]
[Black "Smagacz, Dariusz"]
[Result "1/2-1/2"]
[WhiteElo "2140"]
[BlackElo "2246"]
[PlyCount "40"]
[EventDate "1999.09.17"]
[EventType "team-swiss"]
[EventRounds "10"]
[EventCountry "POL"]
[SourceTitle "EXT 2001"]
[Source "ChessBase"]
[SourceDate "2000.11.22"]
[SourceVersion "1"]
[SourceVersionDate "2000.11.22"]
[SourceQuality "1"]
[WhiteTeam "POL-chT 2nd div South 12"]
[BlackTeam "POL-chT 2nd div South 23"]
[WhiteTeamCountry "POL"]
[BlackTeamCountry "POL"]

1. d4 Nf6 2. c4 g6 3. Nc3 Bg7 4. e4 d6 5. f3 0-0 6. Be3 e5 7. Nge2 Nbd7 8. Qd2 a6 9. d5 h5 10. Nc1 Nh7 11. Nd3 f5 12. 0-0-0 Qe7 13. Kb1 Nhf6 14. Be2 b5 15. Nb4 bxc4 16. Nc6 Qf7 17. Bxc4 Nb6 18. Be2 Bd7 19. Qc2 Bxc6 20. dxc6 Nc4 1/2-1/2

[Event "POL-chT 2nd div South"]
[Site "Polanica Zdroj"]
[Date "1999.??.??"]
[Round "7"]
[White "Smagacz, Dariusz"]
[Black "Kawecki, Marcin"]
[Result "1/2-1/2"]
[WhiteElo "2246"]
[BlackElo "2123"]
[PlyCount "40"]
[EventDate "1999.09.17"]
[EventType "team-swiss"]
[EventRounds "10"]
[EventCountry "POL"]
[SourceTitle "EXT 2001"]
[Source "ChessBase"]
[SourceDate "2000.11.22"]
[SourceVersion "1"]
[SourceVersionDate "2000.11.22"]
[SourceQuality "1"]
[WhiteTeam "POL-chT 2nd div South 23"]
[BlackTeam "POL-chT 2nd div South 05"]
[WhiteTeamCountry "POL"]
[BlackTeamCountry "POL"]

1. e4 e6 2. d4 d5 3. Nc3 dxe4 4. Nxe4 Bd7 5. Nf3 Bc6 6. Bd3 Nd7 7. Qe2 Be7 8. 0-0 Ngf6 9. Ng3 Bxf3 10. Qxf3 c6 11. b3 0-0 12. Bb2 Qc7 13. c4 Rad8 14. Rfe1 Rfe8 15. Rad1 Nf8 16. h4 Ng6 17. h5 Nh4 18. Qe3 h6 19. Bb1 Bd6 20. Ne4 Nxh5 1/2-1/2

[Event "POL-chT 2nd League South"]
[Site "Wisla"]
[Date "1998.??.??"]
[Round "?"]
[White "Smagacz, Dariusz"]
[Black "Hnydiuk, Aleksander"]
[Result "0-1"]
[WhiteElo "2255"]
[BlackElo "2310"]
[PlyCount "60"]
[EventDate "1998.11.20"]
[EventType "team-swiss"]
[EventRounds "10"]
[EventCountry "POL"]
[SourceTitle "EXT 2000"]
[Source "ChessBase"]
[SourceDate "1999.11.16"]
[SourceVersion "1"]
[SourceVersionDate "1999.11.16"]
[SourceQuality "1"]

1. e4 c5 2. Nf3 e6 3. d4 cxd4 4. Nxd4 Nc6 5. Nc3 Qc7 6. Be2 Nf6 7. 0-0 a6 8. Be3 Be7 9. f4 d6 10. Kh1 0-0 11. a4 Rd8 12. Qe1 Nxd4 13. Bxd4 e5 14. Be3 exf4 15. Bxf4 Be6 16. Qg3 Nd7 17. Bh6 g6 18. Bg4 Ne5 19. Bxe6 fxe6 20. h4 Bf8 21. Bg5 Re8 22. h5 Bg7 23. hxg6 Nxg6 24. Rad1 Rf8 25. Qh3 Qc4 26. Qd3 Ne5 27. Rxf8+ Rxf8 28. Qg3 Rf1+ 29. Rxf1 Qxf1+ 30. Kh2 h5 0-1

[Event "MK Cafe Cup-B"]
[Site "Koszalin"]
[Date "1998.??.??"]
[Round "8"]
[White "Smagacz, Dariusz"]
[Black "Kolosowski, Pawel"]
[Result "0-1"]
[WhiteElo "2255"]
[BlackElo "2155"]
[PlyCount "130"]
[EventDate "1998.08.??"]
[EventType "swiss"]
[EventRounds "10"]
[EventCountry "POL"]
[SourceTitle "EXT 1999"]
[Source "ChessBase"]
[SourceDate "1998.11.16"]
[SourceVersion "1"]
[SourceVersionDate "1998.11.16"]
[SourceQuality "1"]

1. e4 e5 2. Nf3 Nc6 3. Bb5 a6 4. Ba4 Nf6 5. 0-0 Be7 6. Re1 b5 7. Bb3 d6 8. c3 0-0 9. d4 Bg4 10. Be3 Na5 11. Bc2 Nc4 12. Bc1 Re8 13. b3 Nb6 14. dxe5 dxe5 15. Nbd2 Bf8 16. Qe2 c5 17. Nf1 Qc7 18. Bg5 Nfd7 19. Ne3 Be6 20. c4 f6 21. Bh4 b4 22. Nd5 Qb7 23. Nd2 Nb8 24. f3 Nc6 25. Bf2 Nd4 26. Bxd4 cxd4 27. g4 Nd7 28. Kg2 g6 29. h4 Bd6 30. Nf1 Rf8 31. Ng3 a5 32. h5 g5 33. h6 Rae8 34. Nh5 Rb8 35. Ng7 Nc5 36. Nh5 Nd7 37. a3 bxa3 38. Qd2 Bb4 39. Nhxf6+ Nxf6 40. Qxg5+ Kh8 41. Nxf6 Qe7 42. Qg7+ Qxg7 43. hxg7+ Kxg7 44. Nh5+ Kg6 45. Rh1 a4 46. Ng3 axb3 47. Bxb3 Be7 48. Nf5 Bxf5 49. exf5+ Kg7 50. Rab1 Rb4 51. Ba2 Rfb8 52. Rxb4 Rxb4 53. Rb1 Kf6 54. Rxb4 Bxb4 55. Kf2 Kg5 56. Ke2 h6 57. Kd3 Kf4 58. c5 Bxc5 59. Bd5 Be7 60. Ke2 Kg3 61. Ba2 d3+ 62. Kxd3 Kxf3 63. Bd5+ Kxg4 64. Ke4 Bf6 65. Bb3 h5 0-1

[Event "POL-chT 2nd League South"]
[Site "Wisla"]
[Date "1998.??.??"]
[Round "?"]
[White "Smagacz, Dariusz"]
[Black "Szczesniak, Konrad"]
[Result "0-1"]
[WhiteElo "2255"]
[BlackElo "2155"]
[PlyCount "79"]
[EventDate "1998.11.20"]
[EventType "team-swiss"]
[EventRounds "10"]
[EventCountry "POL"]
[SourceTitle "EXT 2000"]
[Source "ChessBase"]
[SourceDate "1999.11.16"]
[SourceVersion "1"]
[SourceVersionDate "1999.11.16"]
[SourceQuality "1"]

1. e4 e6 2. d4 d5 3. Nc3 Bb4 4. e5 c5 5. dxc5 Qc7 6. Nf3 Bxc3+ 7. bxc3 Qxc5 8. Bd3 Nc6 9. 0-0 Qxc3 10. Rb1 Nge7 11. Rb3 Qa5 12. Ba3 h6 13. Bd6 a6 14. Qb1 0-0 15. c4 dxc4 16. Bxc4 b5 17. Ra3 Qd8 18. Bxb5 Bb7 19. Be2 Qd7 20. Rb3 Na5 21. Ra3 Nac6 22. Rc1 Rfc8 23. Bd3 Nd5 24. Rb3 Na5 25. Ra3 Rxc1+ 26. Qxc1 Rc8 27. Qb2 Nc4 28. Bxc4 Rxc4 29. Nd2 Rc8 30. Rb3 Nf4 31. f3 Bd5 32. Rb8 Qa7+ 33. Kh1 Rxb8 34. Qxb8+ Qxb8 35. Bxb8 Bxa2 36. Ne4 a5 37. Nc5 Nd5 38. Kg1 Bc4 39. Kf2 Bb5 40. Nb3 0-1

[Event "MK Cafe Cup-A"]
[Site "Koszalin"]
[Date "1997.08.11"]
[Round "10"]
[White "Smagacz, Dariusz"]
[Black "Przedmojski, Rafal"]
[Result "1/2-1/2"]
[WhiteElo "2225"]
[BlackElo "2320"]
[PlyCount "32"]
[EventDate "1997.08.03"]
[EventType "swiss"]
[EventRounds "10"]
[EventCountry "POL"]
[SourceTitle "CBM 059 Extra"]
[Source "ChessBase"]
[SourceDate "1997.09.26"]
[SourceVersion "1"]
[SourceVersionDate "1997.09.26"]
[SourceQuality "1"]

1. e4 c5 2. Nf3 Nc6 3. d4 cxd4 4. Nxd4 Nf6 5. Nc3 e6 6. Ndb5 d6 7. Bf4 e5 8. Bg5 a6 9. Na3 Be6 10. Nc4 Rc8 11. Bxf6 Qxf6 12. Nb6 Rb8 13. Ncd5 Qd8 14. c3 Be7 15. Be2 0-0 16. 0-0 Bg5 1/2-1/2

[Event "MK Cafe Cup-A"]
[Site "Koszalin"]
[Date "1997.08.09"]
[Round "8"]
[White "Smagacz, Dariusz"]
[Black "Pinski, Jan"]
[Result "1-0"]
[WhiteElo "2225"]
[BlackElo "2295"]
[PlyCount "61"]
[EventDate "1997.08.03"]
[EventType "swiss"]
[EventRounds "10"]
[EventCountry "POL"]
[SourceTitle "CBM 059 Extra"]
[Source "ChessBase"]
[SourceDate "1997.09.26"]
[SourceVersion "1"]
[SourceVersionDate "1997.09.26"]
[SourceQuality "1"]

1. e4 c5 2. Nf3 Nc6 3. d4 cxd4 4. Nxd4 e5 5. Nb5 d6 6. c4 Be7 7. b3 Nf6 8. N1c3 a6 9. Na3 0-0 10. Bd3 Bg4 11. f3 Be6 12. 0-0 Nh5 13. g3 g6 14. Nc2 f5 15. exf5 gxf5 16. f4 Qe8 17. Nd5 Rc8 18. Nxe7+ Nxe7 19. Be2 Bf7 20. Qxd6 exf4 21. Ba3 Ng7 22. Qxf4 Qc6 23. Bxe7 Rfe8 24. Bf3 Qb6+ 25. c5 Rxc5 26. Bxc5 Qxc5+ 27. Rf2 Ne6 28. Qb4 Qe5 29. Re1 Qf6 30. Bd5 Rd8 31. Bxe6 1-0

[Event "MK Cafe Cup-A"]
[Site "Koszalin"]
[Date "1997.08.06"]
[Round "5"]
[White "Smagacz, Dariusz"]
[Black "Walach, Marcin"]
[Result "1/2-1/2"]
[WhiteElo "2225"]
[BlackElo "2295"]
[PlyCount "27"]
[EventDate "1997.08.03"]
[EventType "swiss"]
[EventRounds "10"]
[EventCountry "POL"]
[SourceTitle "CBM 059 Extra"]
[Source "ChessBase"]
[SourceDate "1997.09.26"]
[SourceVersion "1"]
[SourceVersionDate "1997.09.26"]
[SourceQuality "1"]

1. e4 c5 2. Nf3 Nc6 3. d4 cxd4 4. Nxd4 g6 5. Nc3 Bg7 6. Be3 Nf6 7. f3 0-0 8. Qd2 d5 9. exd5 Nxd5 10. Nxc6 bxc6 11. Bd4 Bxd4 12. Qxd4 Qa5 13. Bc4 Nxc3 14. Qxc3 1/2-1/2

[Event "MK Cafe Cup-A"]
[Site "Koszalin"]
[Date "1997.08.05"]
[Round "4"]
[White "Markowski, Damian"]
[Black "Smagacz, Dariusz"]
[Result "1/2-1/2"]
[WhiteElo "2305"]
[BlackElo "2225"]
[PlyCount "150"]
[EventDate "1997.08.03"]
[EventType "swiss"]
[EventRounds "10"]
[EventCountry "POL"]
[SourceTitle "CBM 059 Extra"]
[Source "ChessBase"]
[SourceDate "1997.09.26"]
[SourceVersion "1"]
[SourceVersionDate "1997.09.26"]
[SourceQuality "1"]

1. e4 c5 2. Nf3 e6 3. c3 Nf6 4. Bd3 g6 5. Bc2 Bg7 6. 0-0 0-0 7. d3 Nc6 8. Nbd2 e5 9. a4 a6 10. Nc4 Rb8 11. Bg5 b5 12. axb5 axb5 13. Ne3 Qe8 14. Bxf6 Bxf6 15. Bb3 Bg7 16. Bd5 Bh6 17. d4 cxd4 18. cxd4 Nxd4 19. Nxd4 exd4 20. Qxd4 Bb7 21. Ra7 Qc8 22. Qf6 Bg7 23. Qd6 Bxb2 24. Qb4 Bg7 25. Qxb5 Bxd5 26. Qxd5 Rb4 27. Rd1 Qe8 28. f3 Qb8 29. Ra3 Rb2 30. Nc4 Rb5 31. Qd6 Qxd6 32. Nxd6 Rb4 33. Ra5 Rd4 34. Rd5 Rxd1+ 35. Rxd1 Rd8 36. Rd5 Kf8 37. Kf2 Ra8 38. Nc4 Ra2+ 39. Kg3 Ra8 40. Rxd7 Ra6 41. Rc7 Re6 42. Kf4 Bh6+ 43. Kg4 Bg7 44. g3 Bd4 45. Rd7 Bf6 46. Rd6 h5+ 47. Kh3 Rxd6 48. Nxd6 Ke7 49. Nc4 Ke6 50. Kg2 Bd4 51. f4 f6 52. h3 Bc5 53. Kf3 Bd4 54. Ne3 Bc5 55. Ng2 Bb6 56. Nh4 Kf7 57. Ke2 Bd4 58. Nf3 Bc5 59. Ne1 Bb6 60. Nd3 Ke6 61. Kd2 Bg1 62. Ke2 Bd4 63. Kf3 Bb6 64. g4 hxg4+ 65. Kxg4 Be3 66. h4 Bd2 67. Nc5+ Kf7 68. f5 Bc1 69. Ne6 Bd2 70. Nf4 gxf5+ 71. Kxf5 Bc1 72. Ne6 Bb2 73. Nf4 Bc1 74. Nh3 Bd2 75. Nf2 Be1 1/2-1/2

[Event "MK Cafe Cup-A"]
[Site "Koszalin"]
[Date "1997.08.04"]
[Round "2"]
[White "Aghamaliyev, Cemil"]
[Black "Smagacz, Dariusz"]
[Result "1-0"]
[WhiteElo "2480"]
[BlackElo "2225"]
[PlyCount "69"]
[EventDate "1997.08.03"]
[EventType "swiss"]
[EventRounds "10"]
[EventCountry "POL"]
[SourceTitle "CBM 059 Extra"]
[Source "ChessBase"]
[SourceDate "1997.09.26"]
[SourceVersion "1"]
[SourceVersionDate "1997.09.26"]
[SourceQuality "1"]

1. d4 d5 2. c4 e6 3. Nf3 Nf6 4. Nc3 Be7 5. Bf4 0-0 6. e3 c5 7. dxc5 Bxc5 8. Qc2 Nc6 9. a3 Be7 10. 0-0-0 Qa5 11. g4 dxc4 12. Bxc4 e5 13. g5 exf4 14. gxf6 Bxf6 15. Nd5 Ne7 16. Nxf6+ gxf6 17. Rhg1+ Kh8 18. Qe4 Ng6 19. Qd4 Qb6 20. Qxb6 axb6 21. Rd6 fxe3 22. fxe3 Bf5 23. Rxf6 Be6 24. Bd3 Rfd8 25. Nd4 Ne5 26. Bc2 Nd7 27. Rh6 Nf8 28. Nxe6 fxe6 29. Kb1 Rac8 30. Rg2 Rc7 31. Rf6 Rg7 32. Rgf2 Kg8 33. Bb3 Rg6 34. Rf7 Rg7 35. Rxf8+ 1-0